000 00552nam a2200181 i 4500
001 87126
003 ES-MaACL
005 20230906175611.0
007 t|
008 041220s1968 sp ||||1| spa d
100 1 _aKodolanyi, János.
_968425
245 1 0 _aMoises el egipcio /
_cJános Kodolanyi ; [traducción de Ditlinde B. Sommer, Alfonso Repiso].
260 _aBarcelona :
_bFerma,
_c[1968]
300 _a1005 p. ;
_c22 cm.
700 1 _aSommer, Ditlinde B.
_9107268
700 1 _aRepiso, Alfonso.
_996270
852 _aES-MaACL
_jC-34597
_bR.67468
999 _c87126
_d87126